Systém pre podporu navigácie vozidla = System for support car navigation : Dipl.práca

Salvato in:
Dettagli Bibliografici
Autore principale: Kubíšek, Jaroslav (Autore)
Altri autori: Bieliková, Mária, 1966- (Relatore della tesi)
Natura: Manoscritto Libro
Lingua:slovacco
Pubblicazione: Bratislava : STU v Bratislave FEI, 1998
Soggetti:
Tags: Aggiungi Tag
Nessun Tag, puoi essere il primo ad aggiungerne!!

MARC

LEADER 00000ntm a22000003a 4500
001 stu50310
005 20160719164904.3
008 990716s1998------------------------slo-d
040 |a STU  |b slo 
041 0 |a slo 
100 1 |a Kubíšek, Jaroslav  |4 aut 
245 1 |a Systém pre podporu navigácie vozidla = System for support car navigation :  |b Dipl.práca 
260 |a Bratislava :  |b STU v Bratislave FEI,  |c 1998 
300 |a 43 s., príl.25 s., CD-ROM 
650 7 |a informatika  |2 stusub 
700 1 |a Bieliková, Mária,  |d 1966-  |4 ths  |u E220  |U FEI Fakulta elektrotechniky a informatiky  |T FEI Katedra informatiky a výpočtovej techniky  |X 1871  |U E220  |Y 69  |7 A000001871 
996 |b EDIPL-5774  |c I*DIPL-5774  |l II680  |s A  |a 24  |w stu50310_0001